Poemas selectos
Uloženo v:
| Hlavní autor: | |
|---|---|
| Médium: | Kniha |
| Jazyk: | španělština |
| Vydáno: |
Concepción
Etcétera
1998
|
| Témata: | |
| Tagy: |
Přidat tag
Žádné tagy, Buďte první, kdo vytvoří štítek k tomuto záznamu!
|
MARC
| LEADER | 00000nam a2200000 a 4500 | ||
|---|---|---|---|
| 001 | UCM6350 | ||
| 003 | CL-VaPUC | ||
| 008 | 021108e19980000CL |||||||||||||||||spa|d | ||
| 082 | 0 | 4 | |a Ch861 |b GON |2 21 |
| 100 | |a González-Urízar, Fernando |e author |9 475223 | ||
| 245 | 1 | 0 | |a Poemas selectos |
| 300 | |a 68 p | ||
| 942 | |c BK | ||
| 945 | |d 20021108 00:00:00 |a vberengu | ||
| 260 | |a Concepción |b Etcétera |c 1998 | ||
| 500 | |a ¿Actividad?: Poeta | ||
| 500 | |a Chillán, Chillán, tan lejos | ||
| 500 | |a Francisca Urízar | ||
| 500 | |a Llueve en el mar | ||
| 500 | |a Dame amor, dame olvido, dame tiempo | ||
| 500 | |a Ahora eres el mar | ||
| 500 | |a Teresa Eva María Rafinska | ||
| 500 | |a El don oscuro | ||
| 500 | |a Qué somos, Dios, qué somos! | ||
| 500 | |a Tañedor de lluvias | ||
| 500 | |a Gramófono | ||
| 500 | |a Ultima voluntad | ||
| 500 | |a En Isluga no vive nadie | ||
| 500 | |a Speech and song | ||
| 500 | |a El intruso | ||
| 500 | |a Un hijo se hace a ciegas | ||
| 500 | |a Siempre verdes, de fuego, diamantinos | ||
| 500 | |a La despensa | ||
| 500 | |a Si tuviera algún precio mi discurso | ||
| 650 | 0 | |a Poesías chilenas |9 265280 | |
| 650 | 0 | |a Literatura chilena |9 308278 | |
| 583 | |a last modification |c 20021108 00:00:00 |k Rodrigo Vera | ||
| 999 | |c 301761 |d 301759 | ||
| 952 | |0 0 |1 0 |4 0 |6 CH_861_000000000000000_GON_1998 |7 0 |8 A |9 361342 |a BIBEDU |b BIBEDU |d 2019-11-21 |i 3857557 |o Ch861 GON 1998 |p 3857557 |r 2019-11-21 |w 2019-11-21 |y BK |k LIT | ||
| 952 | |0 0 |1 0 |4 0 |6 CH_861_000000000000000_GON_1998 |7 0 |8 A |9 361343 |a BIBEDU |b BIBEDU |d 2019-11-21 |i 3857565 |o Ch861 GON 1998 |p 3857565 |r 2019-11-21 |w 2019-11-21 |y BK |k LIT | ||